| Поле | Название | Значение |
| |
Тип записи |
a |
| |
Библиографический уровень |
m |
| 001 |
Контрольный номер |
UONB/MAIN/812be963667d470fba7a9a60ce90edab |
| 005 |
Дата корректировки |
20260514140336.3 |
| 010 |
Индекс ISBN |
__ |
| 9 |
Тираж |
5000 экз. |
| 100 |
Данные общей обработки |
__ |
| a |
Данные общей обработки |
20260514d1986 u y0rusy0189## ca |
| 101 |
Язык документа |
0_ |
| a |
Язык текста |
rus |
| 102 |
Страна публикации |
__ |
| a |
Страна публикации |
RU |
| 105 |
Кодированные данные (монография) |
__ |
| a |
Кодированные данные (монография) |
a z 000yy |
| 200 |
Заглавие и сведения об ответственности |
1_ |
| a |
Заглавие |
Музыкально-исполнительская техника и художественный образ |
| f |
Первые сведения об ответственности |
О. Ф. Шульпяков |
| g |
Последующие сведения об ответственности |
Ленинградская государственная консерватория им. Н. А. Римского-Корсакова |
| 203 |
Вид содержания и тип средства |
__ |
| a |
Вид содержания |
Текст |
| b |
Характеристика содержания |
визуальный |
| c |
Тип средства |
непосредственный |
| 210 |
Выходные данные |
1_ |
| a |
Место издания |
Ленинград |
| c |
Издательство |
Музыка, Ленинградское отделение |
| d |
Дата издания |
1986 |
| 215 |
Физическое описание |
__ |
| a |
Объем |
124, [2] с. |
| c |
Иллюстрации/тип воспроизводства |
ил., нот. ил. |
| d |
Формат |
22 см |
| 606 |
Тематические рубрики |
0_ |
| a |
Основная рубрика |
Музыкальное исполнительство |
| 606 |
Тематические рубрики |
0_ |
| a |
Основная рубрика |
Образ художественный в музыке |
| 610 |
Ключевые слова |
0_ |
| a |
Ключевые слова |
исполнительство музыкальное; художественный образ; техника музыкально-исполнительская |
| 686 |
Индексы других классификаций |
__ |
| a |
Классификационный индекс |
85.310.7 |
| 2 |
Код системы |
rubbk |
| 700 |
Автор |
_1 |
| a |
Фамилия |
Шульпяков |
| b |
Имя (инициалы) |
О. Ф. |
| g |
Полное личное имя |
Олег Федорович |
| 801 |
Источник записи |
_0 |
| a |
Страна |
RU |
| b |
Организация |
Ульяновская ОНБ |
| c |
Дата составления |
20260514 |
| g |
Правила каталогизации |
RCR |
| 801 |
Источник записи |
_1 |
| a |
Страна |
RU |
| b |
Организация |
Ульяновская ОНБ |
| c |
Дата составления |
20260514 |
| g |
Правила каталогизации |
RCR |
| 901 |
Тип документа |
__ |
| t |
Тип документа |
m |
| 909 |
Создатель записи |
__ |
| a |
Создатель записи |
Макушик |
| b |
Дата создания записи |
20260514 |